Music Quiz

Random Music or Song Quiz

Westlife Songs Quiz Stats

 Plays Quiz not verified by Sporcle

Also try: 'Help!' Lyrics
Challenge
Share
Tweet
Embed
Score 0/152 Timer 20:00
0 Plays Today
Hint Answer % Correct
WestlifeSwear It Again
84.6%
Flying Without Wings
80.8%
Fool Again
76.9%
Coast To CoastMy Love
76.9%
If I let You Go
73.1%
Uptown Girl
73.1%
Uptown Girl
73.1%
World Of Our OwnQueen Of My Heart
65.4%
The Love AlbumThe Rose
65.4%
Miss You
61.5%
Seasons In The Sun
61.5%
I Have A Dream
61.5%
TurnaroundMandy
61.5%
Home
61.5%
Back HomeHome
61.5%
Bop Bop Baby
57.7%
World Of Our Own
57.7%
What Makes A Man
50%
Obvious
50%
No No
46.2%
I Lay My Love On You
46.2%
When You're Looking Like That
46.2%
When You're Looking Like that
46.2%
Unbreakable: The Greatest HitsUnbreakable
46.2%
Tonight
46.2%
Miss You Nights
46.2%
Hey Whatever
46.2%
Turn Around
46.2%
Amazing
46.2%
When You Tell Me That You Love Me
42.3%
Hit You With The Real Thing
42.3%
Where We AreWhat About Now
42.3%
Safe
42.3%
Smile
38.5%
Face To Face You Raise Me Up
38.5%
Us Against The World
38.5%
Greatest HitsLighthouse
36%
I Need You
34.6%
Moments
34.6%
Change The World
34.6%
Angel
34.6%
She's Back
34.6%
Total Eclipse Of The Heart
34.6%
Where We Are
34.6%
Can't Lose What You Never Had
30.8%
Try Again
30.8%
Somebody Needs You
30.8%
Heal
30.8%
Fly Me To The Moon
30.8%
Mack The Knife
30.8%
I Do
30.8%
Hint Answer % Correct
Open Your Heart
26.9%
We Are One
26.9%
What I Want Is What I've Got
26.9%
Close
26.9%
Angels Wings
26.9%
Soledad
26.9%
Dreams Come True
26.9%
You Make Me Feel
26.9%
My Girl
26.9%
Imaginary Diva
26.9%
Allow Us To Be FrankAin't That A Kick In The Head
26.9%
The Dance
26.9%
All Or Nothing
26.9%
Something Right
26.9%
The Difference
26.9%
I'll See You Again
26.9%
I Don't Wanna Fight
23.1%
No Place That Far
23.1%
Fragile heart
23.1%
i Cry
23.1%
Love Crime
23.1%
On My Shoulder
23.1%
To Be With You
23.1%
Desperado
23.1%
Change Your Mind
23.1%
All Out Of Love
23.1%
Easy
23.1%
I'm Already There
23.1%
Leaving
23.1%
Shadows
23.1%
The Reason
23.1%
Puzzle Of My Heart
19.2%
Loneliness Knows Me By Name
19.2%
Every Little Thing You Do
19.2%
Evergreen
19.2%
Written In The Stars
19.2%
Love Takes Two
19.2%
When A Woman Loves A Man
19.2%
Thank You
19.2%
What Do They Know?
19.2%
Moon River
19.2%
Have You Ever
19.2%
It's You
19.2%
Catch My Breath
19.2%
How To Break A Heart
19.2%
Chances
19.2%
I Will Reach You
19.2%
Beautiful World
16%
Wide Open
16%
More Than Words
15.4%
Don't Say It's Too Late
15.4%
Hint Answer % Correct
Walk Away
15.4%
Bad Girls
15.4%
I Did It For You
15.4%
I Left My Heart In San Francisco
15.4%
Clementine
15.4%
You Light Up My Life
15.4%
Love Can Build A Bridge
15.4%
The Easy Way
15.4%
Talk Me Down
15.4%
Reach Out
15.4%
GravityBeautiful Tonight
15.4%
Difference In Me
15.4%
Last Mile Of The Way
12%
Why Do I Love You
11.5%
I Wanna Grow Old With You
11.5%
If Your Hearts Not In It
11.5%
When You Come Around
11.5%
Don't Let Me Go
11.5%
Lost In You
11.5%
The Way You Look Tonight
11.5%
When I Fall In Love
11.5%
Colour My World
11.5%
In This Life
11.5%
As Love is My Witness
11.5%
Another World
11.5%
Against All Odds (Take A Look At Me Now)
7.7%
To Be Loved
7.7%
How Does It Feel
7.7%
Let There Be Love
7.7%
Come Fly With Me
7.7%
Summer Wind
7.7%
That's Life
7.7%
That's Where You Find love
7.7%
Heart Without A Home
7.7%
Maybe Tomorrow
7.7%
You Are So Beautiful (To Me)
7.7%
When I'm With You
7.7%
Pictures In My Head
7.7%
You Must Have Had A Broken Heart
7.7%
No More Heroes
7.7%
Sound Of A Broken Heart
7.7%
Closer
7.7%
I Get Weak
7.7%
Too Hard To Say Goodbye
7.7%
Have You Ever Been In Love
3.8%
Tell Me It's Love
3.8%
Before It's Too Late
3.8%
No One's Gonna Sleep Tonight
3.8%
Drive (For All Time)
0%
You've Lost That Lovin' Feeling
0%

You're not logged in!

Compare scores with friends on all Sporcle quizzes.
Join for Free
OR
Log In

You Might Also Like...

Show Comments

Extras

Top Quizzes Today


Score Distribution

Your Account Isn't Verified!

In order to create a playlist on Sporcle, you need to verify the email address you used during registration. Go to your Sporcle Settings to finish the process.

Report this User

Report this user for behavior that violates our Community Guidelines.

Details: